Największe Fan Cluby Radomiaka poza Radomiem - Statystyki

Ogólne statystyki
  • Ten quiz został rozwiązany 38 razy
  • Średni wynik to 5 z 15
Statystyki odpowiedzi
Odpowiedź % Poprawnych
Północ Warszawa
67%
Południe Szydłowiec
58%
Wschód Pionki
55%
Północ Białobrzegi
52%
Zachód Przysucha
48%
Południe Skaryszew
45%
Południe Iłża
36%
Północ Warka
30%
Północ Jastrzębia
27%
Północ Jedlińsk
27%
Północ Jastrząb
15%
Północ Głowaczów
9%
Północ Dobieszyn
6%
Północ Lisów
3%
Północ Wierzchowiny
3%
Nie znaleziono quizów pasujących do podanych kryteriów
Rozkład punktacji
Procent ludzi z każdym wynikiem
Percentyl według liczby udzielonych odpowiedzi
Twoja historia wyników
Nie rozwiązałeś tego quizu